| 000 | 02034pam a2200325 i 4500 | ||
|---|---|---|---|
| 001 | 990222371610107026 | ||
| 003 | UkOxU | ||
| 005 | 20260128112153.0 | ||
| 008 | 200508s2020 enk 000|0 eng|d | ||
| 015 |
_aGBC081332 _2bnb |
||
| 016 | 7 |
_a019834107 _2Uk |
|
| 020 |
_a9780241472385 _qpaperback _cĐ5.99 |
||
| 035 | _a(UkOxU)022237161 | ||
| 035 | _a(UkOxU)022237161BIB01 | ||
| 035 | _a(Uk)019834107 | ||
| 040 |
_aStDuBDS _beng _erda _cStDuBDS _dUkOxU |
||
| 041 | _aEN | ||
| 100 |
_aSinger, Peter, _d1946- _eauthor. |
||
| 245 | 1 | 0 |
_aWhy vegan? _c/ Peter Singer. |
| 246 | 3 | 4 |
_aWhy vegan? : _bSo the only question is: do animals other than man suffer? |
| 264 | 1 |
_aLondon : _bPenguin Books, _c2020. |
|
| 300 |
_a84 pages ; _c18 cm. |
||
| 490 | 1 |
_aGreat ideas ; _v120 |
|
| 505 | _aSo the Only Question Is: Do Animals Other Than Man Suffer? — All Animals Are Equal — Tools for Research — Down on the Factory Farm — Man’s Dominion — Speciesism — The Ethics of Diet — Becoming a Vegetarian. | ||
| 520 | _aSo the only question is: do animals other than man suffer? One of the great moral philosophers of the modern age, Peter Singer asks unflinching questions about how we should live our lives. The ideas collected in these writings, arguing that human tyranny over animals is a wrong comparable to racism and sexism, triggered the animal rights movement and gave impetus to the rise in vegan eating. GREAT IDEAS. Throughout history, some books have changed the world. They have transformed the way we see ourselves - and each other. They have inspired debate, dissent, war and revolution. They have enlightened, outraged, provoked and comforted. They have enriched lives - and destroyed them. Now Penguin brings you the works of the great thinkers, pioneers, radicals and visionaries whose ideas shook civilization and helped make us who we are. | ||
| 650 | 0 |
_aAnimal welfare _xMoral and ethical aspects. |
|
| 650 | 0 |
_aVeganism _922336 |
|
| 830 | 0 |
_aGreat ideas ; _v120. |
|
| 942 | _2lcc | ||
| 999 |
_c5309 _d5309 |
||